Loading...
| Religion | 0 | 2 | 0 | 0 | 20 | 126 | 132.00 | 0 | 0 |
| History - Other History | 0 | 1 | 0 | 0 | 10 | 133 | 133.00 | 0 | 0 |
| Literature - American Literature | 0 | 1 | 0 | 0 | 10 | 143 | 143.00 | 0 | 0 |
| Literature - British Literature | 0 | 1 | 0 | 0 | 10 | 139 | 139.00 | 1 | 1 |
| Literature - European Literature | 0 | 1 | 0 | 0 | 10 | 137 | 137.00 | 0 | 0 |
| Literature - World Literature | 0 | 1 | 0 | 0 | 10 | 140 | 140.00 | 0 | 0 |
| Mythology | 0 | 1 | 0 | 0 | 10 | 128 | 128.00 | 0 | 0 |
| Social Science | 0 | 1 | 0 | 0 | 10 | 117 | 117.00 | 0 | 0 |
| Science - Chemistry | 0 | 1 | 0 | 0 | 10 | 130 | 130.00 | 0 | 0 |
| Science - Biology | 0 | 0 | 0 | 0 | 0 | 0.00 | 0 | 0 | |
| History - American History | 0 | 0 | 0 | 0 | 0 | 0.00 | 0 | 0 | |
| Science - Other Science | 0 | 0 | 0 | 0 | 0 | 0.00 | 0 | 0 | |
| Philosophy | 0 | 0 | 1 | 0 | -5 | 0.00 | 0 | 0 |